00220nam a2200085Ia 4500008004100000082001800041100001700059245003800076300002000114230907s9999||||xx |||||||||||||| ||und|| a333.7924bBAK aBaker, Keith 0aNuclear power and energy policy : axi, 245 pages ;